[Event "Madurai Athens of the East op 1st"]
[White "Rakesh, Kumar Nayak"]
[Black "Prasannaa, S."]
[Site "Madurai"]
[Round "10"]
[Result "0-1"]
[Date "2019.08.18"]
[WhiteElo "2042"]
[BlackElo "2237"]
[PlyCount "105"]
[EventDate "2019.08.11"]
[EventType "swiss"]
[EventRounds "10"]
[EventCountry "IND"]
[SourceTitle "CBM 191 Extra"]
[Source "ChessBase"]
[SourceDate "2019.09.30"]
[SourceVersion "1"]
[SourceVersionDate "2019.09.30"]
[SourceQuality "1"]

1. e4 c5 2. Nc3 Nc6 3. g3 g6 4. Bg2 Bg7 5. Nge2 d6 6. d3 e6 7. 0-0 Nge7 8. Bd2 0-0 9. Qc1 Nd4 10. Nxd4 cxd4 11. Ne2 d5 12. Bh6 dxe4 13. dxe4 e5 14. h3 Be6 15. b3 Rc8 16. Bxg7 Kxg7 17. Qd2 Qd7 18. Kh2 Rfd8 19. Rad1 Nc6 20. f4 f6 21. Nc1 exf4 22. Qxf4 Qe7 23. Nd3 Bf7 24. Rf2 g5 25. Qd2 Bg6 26. Rdf1 Rd6 27. c4 Re6 28. h4 gxh4 29. gxh4 Ne5 30. Bh3 Nxd3 31. Bxe6 Nxf2 32. Bxc8 Qc7+ 33. Kg2 Nxe4 34. Qf4 Qxc8 35. h5 Qc6 36. hxg6 hxg6 37. Qf3 d3 38. Qxd3 Nd2+ 39. Kg1 Nxf1 40. Kxf1 g5 41. Qe3 a6 42. c5 Qh1+ 43. Kf2 Qh2+ 44. Kf1 Qf4+ 45. Qxf4 gxf4 46. b4 Kf7 47. a4 Ke6 48. b5 axb5 49. axb5 Kd5 50. c6 bxc6 51. b6 Kd6 52. Kf2 c5 53. Kf3 0-1

[Event "Bhubaneswar op 12th"]
[White "Lugovskoy, Maxim"]
[Black "Rakesh, Kumar Nayak"]
[Site "Bhubaneswar"]
[Round "7"]
[Result "1-0"]
[Date "2019.06.04"]
[WhiteElo "2445"]
[BlackElo "2026"]
[PlyCount "119"]
[EventDate "2019.05.31"]
[EventType "swiss"]
[EventRounds "10"]
[EventCountry "IND"]
[SourceTitle "CBM 190 Extra"]
[Source "ChessBase"]
[SourceDate "2019.07.15"]
[SourceVersion "1"]
[SourceVersionDate "2019.07.15"]
[SourceQuality "1"]

1. e4 e5 2. Nf3 Nc6 3. Nc3 Nf6 4. Bb5 Bb4 5. 0-0 0-0 6. d3 d6 7. Bxc6 bxc6 8. Ne2 h6 9. Ng3 Re8 10. c3 Ba5 11. Re1 Bb6 12. h3 a5 13. Be3 a4 14. Qc2 a3 15. b3 c5 16. d4 cxd4 17. cxd4 exd4 18. Bxd4 Bxd4 19. Nxd4 Bd7 20. Qc3 Re5 21. f4 Rc5 22. Qf3 Rb8 23. e5 Ne8 24. Rad1 Qc8 25. Ne4 Ra5 26. Qg3 dxe5 27. fxe5 Rb6 28. Rf1 Rg6 29. Qf4 Bxh3 30. Rd2 Qg4 31. e6 f5 32. Nc6 fxe4 33. Qxg4 Bxg4 34. Nxa5 Rxe6 35. Nc4 e3 36. Rd4 e2 37. Re1 Nf6 38. Nxa3 h5 39. Nc4 c5 40. Rd3 h4 41. a4 Nh5 42. Ne3 Nf6 43. Nxg4 Nxg4 44. Rc3 Rd6 45. Rxc5 Rd1 46. Rc1 Rd2 47. a5 Ne5 48. a6 Nd3 49. a7 Ra2 50. Rxe2 Rxa7 51. Rd1 Nf4 52. Re4 g5 53. Re5 Rg7 54. b4 Kh7 55. b5 Kh6 56. b6 Rb7 57. Rb1 g4 58. Re4 Nd5 59. Rxg4 Kh5 60. Rd4 1-0

[Event "Chennai op 11th"]
[White "Rakesh, Kumar Nayak"]
[Black "Khusenkhojaev, Muhammad"]
[Site "Chennai"]
[Round "2"]
[Result "1/2-1/2"]
[Date "2019.01.19"]
[WhiteElo "2009"]
[BlackElo "2455"]
[PlyCount "111"]
[EventDate "2019.01.18"]
[EventType "swiss"]
[EventRounds "10"]
[EventCountry "IND"]
[SourceTitle "CBM 188 Extra"]
[Source "ChessBase"]
[SourceDate "2019.02.28"]
[SourceVersion "1"]
[SourceVersionDate "2019.02.28"]
[SourceQuality "1"]

1. c4 Nf6 2. g3 c6 3. Nf3 d5 4. Bg2 g6 5. b3 Bg7 6. Bb2 0-0 7. 0-0 Nbd7 8. d4 Ne4 9. Nbd2 Qa5 10. a3 Nxd2 11. Nxd2 Nf6 12. b4 Qb6 13. Rc1 a5 14. Bc3 axb4 15. c5 Qc7 16. axb4 h5 17. Qb3 h4 18. b5 hxg3 19. hxg3 Bf5 20. Ra1 Bh6 21. Qb4 Ng4 22. b6 Qd7 23. Nf3 f6 24. Ra7 Kg7 25. Bd2 Rab8 26. Bxh6+ Nxh6 27. Qd2 g5 28. Nh2 Rh8 29. f4 Nf7 30. fxg5 Nxg5 31. Qf4 Bh3 32. g4 Qe6 33. e3 Bxg2 34. Kxg2 Nh3 35. Qf3 Rh6 36. Ra3 Rbh8 37. Qf5 Qe4+ 38. Qxe4 dxe4 39. Rf5 Ng5 40. Nf1 Rh4 41. Rxg5+ fxg5 42. Kg3 Rh1 43. Kg2 R1h4 44. Kg3 e5 45. Ra7 Rh3+ 46. Kg2 exd4 47. Rxb7+ Kf6 48. exd4 e3 49. Ng3 Rxg3+ 50. Kxg3 Re8 51. Rh7 e2 52. Rh6+ Kf7 53. Rh7+ Kf6 54. Rh6+ Kf7 55. Rh7+ Kf6 56. Rh6+ 1/2-1/2

[Event "Bampada Balasore op 2nd"]
[White "Chandreyee, Hajra"]
[Black "Rakesh, Kumar Nayak"]
[Site "Bampada"]
[Round "4"]
[Result "0-1"]
[Date "2017.05.07"]
[WhiteElo "1934"]
[BlackElo "2099"]
[PlyCount "102"]
[EventDate "2017.05.05"]
[EventType "swiss"]
[EventRounds "9"]
[EventCountry "IND"]
[SourceTitle "CBM 178 Extra"]
[Source "ChessBase"]
[SourceDate "2017.06.22"]
[SourceVersion "1"]
[SourceVersionDate "2017.06.22"]
[SourceQuality "1"]

1. e4 e5 2. Nf3 d6 3. d4 Nd7 4. Be2 Be7 5. 0-0 Ngf6 6. Nc3 c6 7. a4 0-0 8. h3 Qc7 9. Be3 Rd8 10. d5 Nf8 11. b4 Ng6 12. Qd2 Bd7 13. b5 c5 14. Rfb1 b6 15. Nh2 h6 16. Bg4 Qc8 17. f3 h5 18. Bxd7 Qxd7 19. a5 h4 20. axb6 axb6 21. Ra6 Rab8 22. Na4 Qc7 23. Bg5 Re8 24. Bxf6 Bxf6 25. Ng4 Bd8 26. Nb2 Nf4 27. Nc4 Bg5 28. Qf2 Qd8 29. Rba1 Re7 30. Ra7 Rxa7 31. Rxa7 Ra8 32. Rxa8 Qxa8 33. Qf1 Qa4 34. Nge3 Nh5 35. Qb1 Ng3 36. Kf2 g6 37. c3 Bxe3+ 38. Nxe3 Qa3 39. Nd1 f5 40. exf5 gxf5 41. Qc2 Qa1 42. Ke1 Kg7 43. Qd2 Kg6 44. f4 e4 45. Qb2 Qa4 46. Ne3 Nh5 47. Qf2 Qa1+ 48. Nd1 Qc1 49. Qxh4 Nxf4 50. Qg3+ Kf7 51. Kf2 Qd2+ 0-1

[Event "IND-ch U19 46th"]
[White "Mohammad, Nubairshah Shaikh"]
[Black "Rakesh, Kumar Nayak"]
[Site "Rajahmundry"]
[Round "9"]
[Result "1-0"]
[Date "2016.10.14"]
[WhiteElo "2418"]
[BlackElo "2142"]
[PlyCount "109"]
[EventDate "2016.10.08"]
[EventType "swiss"]
[EventRounds "11"]
[EventCountry "IND"]
[SourceTitle "CBM 175 Extra"]
[Source "ChessBase"]
[SourceDate "2016.12.12"]
[SourceVersion "1"]
[SourceVersionDate "2016.12.12"]
[SourceQuality "1"]

1. d4 d5 2. c4 c6 3. Nf3 Nf6 4. Qc2 g6 5. Bf4 Bg7 6. e3 0-0 7. Nc3 a6 8. Bd3 dxc4 9. Bxc4 b5 10. Bd3 Nbd7 11. Rd1 Bb7 12. 0-0 Qb6 13. b4 Rac8 14. e4 Rfe8 15. Rfe1 Nh5 16. Be3 e5 17. dxe5 Qc7 18. Be2 Nxe5 19. Nxe5 Qxe5 20. Bd4 Qg5 21. Bxh5 Bxd4 22. Rxd4 Qxh5 23. Rd7 Ba8 24. Qb3 Rf8 25. h3 Qe5 26. f4 Qe6 27. Qxe6 fxe6 28. Ne2 c5 29. bxc5 Bxe4 30. Nd4 Bd5 31. Nxe6 Bxe6 32. Rxe6 Rxc5 33. Rxa6 Rxf4 34. Raa7 Rh5 35. Rg7+ Kh8 36. Rgb7 Rf8 37. Kh2 Rc8 38. a3 Kg8 39. Ra5 Rd5 40. h4 Rf5 41. Raa7 Rh5 42. Kh3 g5 43. Kg4 Rxh4+ 44. Kxg5 Rhc4 45. Rg7+ Kf8 46. Raf7+ Ke8 47. Rf5 R8c5 48. g4 Rxf5+ 49. gxf5 Kf8 50. Rxh7 Rc6 51. Rb7 Ra6 52. Rb8+ Kf7 53. Rxb5 Kf8 54. Rb3 Kf7 55. Rc3 1-0

[Event "Asia-ch U20"]
[White "Rakesh, Kumar Nayak"]
[Black "Arjun, Kalyan"]
[Site "New Delhi"]
[Round "9"]
[Result "0-1"]
[Date "2016.05.11"]
[WhiteElo "2179"]
[BlackElo "2347"]
[PlyCount "62"]
[EventDate "2016.05.04"]
[EventType "swiss"]
[EventRounds "9"]
[EventCountry "IND"]
[SourceTitle "EXT 2022"]
[Source "ChessBase"]
[SourceDate "2021.10.06"]
[SourceVersion "1"]
[SourceVersionDate "2021.10.06"]
[SourceQuality "1"]

1. c4 e6 2. g3 d5 3. Bg2 Nf6 4. Nf3 Be7 5. 0-0 0-0 6. b3 c5 7. Bb2 Nc6 8. e3 b6 9. Ne5 Nxe5 10. Bxe5 Bb7 11. Bb2 Qd7 12. d3 Rfd8 13. Na3 a6 14. Qe2 b5 15. Rfd1 Bc6 16. e4 bxc4 17. exd5 exd5 18. dxc4 d4 19. Bxc6 Qxc6 20. Bxd4 cxd4 21. Qxe7 Re8 22. Qb4 Rad8 23. Rd3 Ne4 24. Rf1 Ng5 25. f3 Re2 26. c5 Nh3+ 27. Kh1 Nf2+ 28. Rxf2 Rxf2 29. Kg1 Rxa2 30. Rxd4 Rf8 31. Rd3 Qh6 0-1

[Event "Asia-ch U20"]
[White "Javanbakht, Nima"]
[Black "Rakesh, Kumar Nayak"]
[Site "New Delhi"]
[Round "4"]
[Result "1-0"]
[Date "2016.05.06"]
[WhiteElo "2417"]
[BlackElo "2156"]
[PlyCount "81"]
[EventDate "2016.05.04"]
[EventType "swiss"]
[EventRounds "9"]
[EventCountry "IND"]
[SourceTitle "CBM 172 Extra"]
[Source "ChessBase"]
[SourceDate "2016.06.21"]
[SourceVersion "1"]
[SourceVersionDate "2016.06.21"]
[SourceQuality "1"]

1. d4 d6 2. Nf3 Nf6 3. c4 g6 4. Nc3 Bg7 5. e4 0-0 6. Be2 Nbd7 7. 0-0 c5 8. d5 h6 9. Ne1 a6 10. a4 Qc7 11. Bf4 Ne8 12. Qd2 Kh7 13. Rd1 b6 14. Bg3 Bb7 15. f4 Rd8 16. Bd3 Kg8 17. Nf3 Nef6 18. h3 Nh5 19. Bh2 e5 20. dxe6 fxe6 21. Nh4 Bd4+ 22. Kh1 Rf6 23. Qe2 Ng7 24. e5 dxe5 25. fxe5 Rxf1+ 26. Rxf1 g5 27. Ng6 Nf8 28. Ne4 Bxe4 29. Bxe4 Nxg6 30. Bxg6 Rf8 31. Rxf8+ Kxf8 32. Qf3+ Nf5 33. g4 Bxe5 34. Bxe5 Qxe5 35. gxf5 Qe1+ 36. Kg2 Qd2+ 37. Qf2 Qxf2+ 38. Kxf2 Kg7 39. Kf3 Kf6 40. Ke4 e5 41. Bh5 1-0

[Event "Asia-ch U20"]
[White "Mosadeghpour, Masoud"]
[Black "Rakesh, Kumar Nayak"]
[Site "New Delhi"]
[Round "2"]
[Result "1-0"]
[Date "2016.05.05"]
[WhiteElo "2481"]
[BlackElo "2156"]
[PlyCount "89"]
[EventDate "2016.05.04"]
[EventType "swiss"]
[EventRounds "9"]
[EventCountry "IND"]
[SourceTitle "CBM 172 Extra"]
[Source "ChessBase"]
[SourceDate "2016.06.21"]
[SourceVersion "1"]
[SourceVersionDate "2016.06.21"]
[SourceQuality "1"]

1. e4 e5 2. Nf3 d6 3. d4 exd4 4. Nxd4 Nf6 5. Nc3 Be7 6. Bf4 0-0 7. Qd2 Nc6 8. 0-0-0 Bd7 9. f3 a6 10. g4 b5 11. Nf5 Bxf5 12. exf5 b4 13. Ne2 Ne5 14. Qxb4 d5 15. Qc3 Nc4 16. Ng3 Nxb2 17. Qxb2 Rb8 18. Qc3 d4 19. Rxd4 Ba3+ 20. Kd1 Rb1+ 21. Ke2 Qe8+ 22. Qe3 Bc5 23. Qxe8 Rxe8+ 24. Re4 Nxe4 25. Nxe4 Bb6 26. Be3 Rb2 27. Bxb6 cxb6 28. Kd2 Rd8+ 29. Bd3 Rxa2 30. Kc3 Ra3+ 31. Kb4 Ra5 32. Re1 h6 33. h4 Rd4+ 34. Kb3 Re5 35. h5 b5 36. Ra1 Rd8 37. Rxa6 Kf8 38. Rb6 Rdd5 39. f6 gxf6 40. Nxf6 Rd8 41. f4 Re6 42. Rxe6 fxe6 43. g5 Kg7 44. Ng4 Rd4 45. gxh6+ 1-0

[Event "Keshabananda Das Memorial 4th"]
[White "Deshpande, Aniruddha"]
[Black "Rakesh, Kumar Nayak"]
[Site "Bhubaneswar"]
[Round "10"]
[Result "1-0"]
[Date "2015.09.17"]
[WhiteElo "2286"]
[BlackElo "2148"]
[PlyCount "81"]
[EventDate "2015.09.11"]
[EventType "swiss"]
[EventRounds "10"]
[EventCountry "IND"]
[SourceTitle "EXT 2016"]
[Source "ChessBase"]
[SourceDate "2015.10.08"]
[SourceVersion "1"]
[SourceVersionDate "2015.10.08"]
[SourceQuality "1"]

1. e4 e5 2. Nf3 Nc6 3. Bb5 a6 4. Ba4 Nf6 5. 0-0 Nxe4 6. d4 b5 7. Bb3 d5 8. dxe5 Be6 9. c3 Be7 10. Nbd2 Nc5 11. Bc2 0-0 12. Nb3 Ne4 13. Nbd4 Nxd4 14. Nxd4 Bd7 15. f3 Ng5 16. Bxg5 Bxg5 17. f4 Be7 18. Qd3 g6 19. f5 c5 20. Ne2 c4 21. Qf3 Bc5+ 22. Kh1 Bc6 23. Qf4 Kh8 24. Nd4 Bxd4 25. cxd4 g5 26. Qg4 f6 27. Rae1 Ra7 28. Rf3 fxe5 29. Rxe5 Raf7 30. Rg3 Qa5 31. Qxg5 Qxa2 32. h3 Qxb2 33. Re7 Rxe7 34. Qxe7 Qc1+ 35. Kh2 Qh6 36. f6 Rxf6 37. Bxh7 Rf8 38. Bg6 Rf4 39. Qe5+ Kg8 40. Qe6+ Kf8 41. Qxc6 1-0

[Event "Wch U20 53rd"]
[White "Pastar, Slaven"]
[Black "Rakesh, Kumar Nayak"]
[Site "Pune"]
[Round "13"]
[Result "0-1"]
[Date "2014.10.19"]
[WhiteElo "2159"]
[BlackElo "2057"]
[PlyCount "116"]
[EventDate "2014.10.06"]
[EventType "swiss"]
[EventRounds "13"]
[EventCountry "IND"]
[SourceTitle "EXT 2015"]
[Source "ChessBase"]
[SourceDate "2014.11.20"]
[SourceVersion "1"]
[SourceVersionDate "2014.11.20"]
[SourceQuality "1"]

1. g3 d5 2. Bg2 Nf6 3. Nf3 c5 4. 0-0 Nc6 5. d3 Bg4 6. Nbd2 e5 7. a4 Be7 8. Re1 0-0 9. e4 dxe4 10. Nxe4 Nxe4 11. Rxe4 f5 12. Rxg4 fxg4 13. Nd2 Qd7 14. Nc4 Bf6 15. c3 Kh8 16. Ne3 Rad8 17. Be4 Bg5 18. Nxg4 Bxc1 19. Rxc1 c4 20. Rc2 cxd3 21. Rd2 Qe6 22. Ne3 Qf7 23. f3 Qe7 24. b4 Qg5 25. Nf1 a6 26. Rxd3 Rxd3 27. Qxd3 Rd8 28. Qc2 g6 29. Kg2 Rd7 30. h4 Qd8 31. Qe2 Ne7 32. Bc2 Qc7 33. b5 Qxc3 34. bxa6 bxa6 35. Be4 Rd6 36. Kh3 Nf5 37. Nh2 Ne3 38. Nf1 Nxf1 39. Qxf1 Kg7 40. Qb1 Qc8+ 41. g4 h5 42. Qb2 Rd4 43. Qb6 hxg4+ 44. Kg3 Qe8 45. fxg4 Qf7 46. Bf3 Rd2 47. Qe3 Qf4+ 48. Qxf4 exf4+ 49. Kxf4 Rd4+ 50. Be4 Rxa4 51. h5 gxh5 52. gxh5 Kh6 53. Ke5 Kxh5 54. Kd5 a5 55. Bd3 Rf4 56. Kc5 a4 57. Bc4 a3 58. Kb4 Rxc4+ 0-1

[Event "Wch U20 53rd"]
[White "Rakesh, Kumar Nayak"]
[Black "Abhijith, M."]
[Site "Pune"]
[Round "12"]
[Result "1/2-1/2"]
[Date "2014.10.18"]
[WhiteElo "2057"]
[BlackElo "2126"]
[PlyCount "69"]
[EventDate "2014.10.06"]
[EventType "swiss"]
[EventRounds "13"]
[EventCountry "IND"]
[SourceTitle "EXT 2015"]
[Source "ChessBase"]
[SourceDate "2014.11.20"]
[SourceVersion "1"]
[SourceVersionDate "2014.11.20"]
[SourceQuality "1"]

1. c4 Nf6 2. Nc3 g6 3. g3 Bg7 4. Bg2 0-0 5. e4 d6 6. Nge2 e5 7. d3 Nc6 8. 0-0 Nh5 9. Nd5 Nd4 10. Nxd4 exd4 11. g4 Nf6 12. Nxf6+ Bxf6 13. f4 Bg7 14. f5 Be5 15. g5 f6 16. Qg4 fxg5 17. Bxg5 Bf6 18. h4 Kh8 19. Qf4 Bd7 20. Rf2 Rg8 21. Re1 Bc6 22. Qd2 Bxg5 23. hxg5 gxf5 24. Rxf5 Qe7 25. Ref1 Rg7 26. Qf2 Bd7 27. Rf8+ Rxf8 28. Qxf8+ Qxf8 29. Rxf8+ Rg8 30. Rf7 Rg7 31. Rf8+ Rg8 32. Rf7 Rg7 33. Rf8+ Rg8 34. Rf7 Rg7 35. Rf8+ 1/2-1/2

[Event "Wch U20 53rd"]
[White "Rakesh, Kumar Nayak"]
[Black "Visakh, Narayanan Rajeswari"]
[Site "Pune"]
[Round "3"]
[Result "0-1"]
[Date "2014.10.08"]
[WhiteElo "2057"]
[BlackElo "2300"]
[PlyCount "174"]
[EventDate "2014.10.06"]
[EventType "swiss"]
[EventRounds "13"]
[EventCountry "IND"]
[SourceTitle "EXT 2015"]
[Source "ChessBase"]
[SourceDate "2014.11.20"]
[SourceVersion "1"]
[SourceVersionDate "2014.11.20"]
[SourceQuality "1"]

1. c4 e5 2. Nc3 Nf6 3. g3 d5 4. cxd5 Nxd5 5. Bg2 Nb6 6. Nf3 Nc6 7. 0-0 Be7 8. d3 0-0 9. Be3 Be6 10. d4 exd4 11. Nxd4 Nxd4 12. Bxd4 c6 13. Na4 Qc7 14. Nxb6 axb6 15. Qc2 Rfd8 16. Qc3 Bf8 17. a4 c5 18. Be5 Qd7 19. Be4 Bf5 20. Bxf5 Qxf5 21. Bc7 Rd4 22. a5 bxa5 23. Rxa5 Rxa5 24. Qxa5 Qd5 25. Qa8 Rd2 26. e3 Rxb2 27. e4 Qd7 28. Qb8 f6 29. Ra1 Qd4 30. Rf1 Qd7 31. Ra1 Qd4 32. Rf1 Re2 33. e5 fxe5 34. Qxb7 Rd2 35. Qb8 e4 36. Bf4 Rd3 37. Qe8 Qd5 38. Re1 Rd1 39. Rxd1 Qxd1+ 40. Kg2 Qd5 41. Be3 Qf5 42. Qc6 h6 43. h4 Kf7 44. Kg1 Be7 45. Kg2 Qe6 46. Qc7 Qd5 47. Qf4+ Kg8 48. Qb8+ Kh7 49. Qe8 Qe5 50. Qc6 Qf5 51. Kh2 Kg8 52. Qe8+ Bf8 53. Qc6 Kf7 54. Kg1 Be7 55. Kg2 Qe6 56. Qc7 Qd5 57. Qf4+ Ke8 58. Qg4 Kf8 59. Qf4+ Kg8 60. Qc7 Bf8 61. Qc8 c4 62. Kh2 Kf7 63. Kg2 Qe6 64. Qc7+ Kg6 65. Qd8 Kf7 66. Qc7+ Kg8 67. Kg1 Be7 68. Bd4 Kh7 69. Kh2 Kg6 70. Kg2 Bf8 71. Kg1 Kh7 72. Kh2 Qd5 73. Qa7 Qd6 74. Qa1 Qd7 75. Qc3 Qd5 76. Qa1 Bc5 77. Bxg7 Qd2 78. Bh8 Qxf2+ 79. Kh3 Qf7 80. Qe5 Qf1+ 81. Kg4 Qf3+ 82. Kh3 Qh1+ 83. Kg4 Qf3+ 84. Kh3 Qf1+ 85. Kg4 Qd1+ 86. Kf5 Qd7+ 87. Kxe4 Qd3+ 0-1